ការសិក្សាលើមូលពូជ ៣ នៅចំការកៅស៊ូកប្ពុជា (Record no. 273)

000 -LEADER
fixed length control field 00501nam a22001577a 4500
003 - CONTROL NUMBER IDENTIFIER
control field OSt
005 - DATE AND TIME OF LATEST TRANSACTION
control field 20150912102951.0
008 - FIXED-LENGTH DATA ELEMENTS--GENERAL INFORMATION
fixed length control field 150912b xxu||||| |||| 00| 0 eng d
040 ## - CATALOGING SOURCE
Transcribing agency RUA
082 ## - DEWEY DECIMAL CLASSIFICATION NUMBER
Classification number AGR តាន់ 1995 B016 Or.1
100 ## - MAIN ENTRY--PERSONAL NAME
9 (RLIN) 295
Personal name តាន់ នរវិន្ទ
245 ## - TITLE STATEMENT
Title ការសិក្សាលើមូលពូជ ៣ នៅចំការកៅស៊ូកប្ពុជា
260 ## - PUBLICATION, DISTRIBUTION, ETC. (IMPRINT)
Place of publication, distribution, etc. Phnom Penh
Name of publisher, distributor, etc. RUA
Date of publication, distribution, etc. 1995
300 ## - PHYSICAL DESCRIPTION
Extent 111p.
Other physical details ill.
Dimensions 29cm.
942 ## - ADDED ENTRY ELEMENTS (KOHA)
Source of classification or shelving scheme
Koha item type AGR
Holdings
Price effective from Date last seen Permanent Location Not for loan Date acquired Source of classification or shelving scheme Koha item type Barcode Lost status Damaged status Withdrawn status Current Location Full call number
2015-09-122015-09-12Library Block B 2015-09-12 AGRRUA003639   Library Block BAGR តាន់ 1995 B016 Or.1
2015-09-122015-09-12Library Block B 2015-09-12 AGRRUA007202   Library Block BAGR តាន់ 1995 B016 Or.2
2015-09-122015-09-12Library Block B 2015-09-12 AGRRUA003644   Library Block BAGR តាន់ 1995 B016 Or.3
2015-09-122015-09-12Library Block B 2015-09-12 AGRRUA007309   Library Block BAGR តាន់ 1995 B016 Or.4
មជ្ឈមណ្ឌលឯការនៃសាកលវិទ្យាល័យភូមិន្ទកសិកម្មចំការដូង

Powered by Koha